Diritto e tempo: L'idea di progresso del Diritto dall'antichità alla modernità
Uloženo v:
| Hlavní autor: | |
|---|---|
| Médium: | Kniha |
| Jazyk: | italština |
| Vydáno: |
Turín
G. Chiappichelli Editore
2012
|
| Vydání: | 1a. ed |
| Témata: | |
| Tagy: |
Přidat tag
Žádné tagy, Buďte první, kdo vytvoří štítek k tomuto záznamu!
|
MARC
| LEADER | 00000cam a2200000 a 4500 | ||
|---|---|---|---|
| 001 | UCE5243 | ||
| 003 | CL-VaPUC | ||
| 008 | 141218e20120000it |||||||||||||||||ita|d | ||
| 020 | |a 9788834836781 | ||
| 082 | 0 | 4 | |a 340.1 |b DOR |2 21 |
| 100 | 0 | |a D'Orta, Maurizio |e author |9 577780 | |
| 245 | 1 | 0 | |a Diritto e tempo: L'idea di progresso del Diritto dall'antichità alla modernità |
| 250 | |a 1a. ed | ||
| 300 | |a 170 p | ||
| 942 | |c BK | ||
| 945 | |d 20141218 14:43:00 |a dcastane | ||
| 260 | |a Turín |b G. Chiappichelli Editore |c 2012 | ||
| 650 | 0 | |a Historia del derecho |9 255109 | |
| 650 | 0 | |a Teoría del derecho |9 255982 | |
| 650 | 0 | |a Filosofía del derecho |9 255050 | |
| 583 | |a last modification |c 20141218 14:43:00 |k Rodrigo Vera | ||
| 999 | |c 358002 |d 358000 | ||
| 952 | |0 0 |1 0 |3 erb |4 0 |6 340_100000000000000_DOR_2012 |7 0 |8 A |9 466210 |a BIBDER |b BIBDER |i 512994K |l 1 |o 340.1 DOR 2012 |p 512994K |r 2023-01-25 |s 2022-01-05 |w 2019-11-23 |y BK |z Catalogado en:20141218 |k DER | ||